[Event "AUT-ch U18"]
[Site "Woerth"]
[Date "2014.04.14"]
[Round "3"]
[White "Gassner, Mathias"]
[Black "Windhager, Hannes"]
[Result "0-1"]
[WhiteElo "1918"]
[BlackElo "2130"]
[PlyCount "74"]
[EventDate "2014.04.13"]
[EventType "swiss"]
[EventRounds "7"]
[EventCountry "AUT"]
[SourceTitle "EXT 2015"]
[Source "ChessBase"]
[SourceDate "2014.11.20"]
[SourceVersion "1"]
[SourceVersionDate "2014.11.20"]
[SourceQuality "1"]

1. c4 Nf6 2. Nc3 g6 3. g3 Bg7 4. Bg2 0-0 5. Nf3 d6 6. 0-0 Nc6 7. d3 e5 8. Rb1 a5 9. Bd2 h6 10. a3 Be6 11. Ne1 d5 12. b3 Qd7 13. e4 dxe4 14. dxe4 Nd4 15. Nd5 Ne8 16. Nc2 Qd8 17. f4 Nxc2 18. Qxc2 exf4 19. Bxf4 c6 20. Qd2 cxd5 21. cxd5 Bd7 22. Bxh6 Qe7 23. Bxg7 Nxg7 24. Rf4 Qe5 25. Rbf1 Ne8 26. Rh4 Nd6 27. Qh6 Qg7 28. Qg5 f6 29. Qe3 g5 30. Rh5 Bg4 31. Rh3 Nf7 32. Qb6 Ne5 33. Rc1 Rac8 34. Rxc8 Rxc8 35. Qxa5 Bxh3 36. Bxh3 g4 37. Bf1 Qh6 0-1

[Event "AUT-ch U18"]
[Site "Woerth"]
[Date "2014.04.13"]
[Round "2"]
[White "Frank, Emanuel"]
[Black "Gassner, Mathias"]
[Result "1-0"]
[WhiteElo "2161"]
[BlackElo "1918"]
[PlyCount "85"]
[EventDate "2014.04.13"]
[EventType "swiss"]
[EventRounds "7"]
[EventCountry "AUT"]
[SourceTitle "EXT 2015"]
[Source "ChessBase"]
[SourceDate "2014.11.20"]
[SourceVersion "1"]
[SourceVersionDate "2014.11.20"]
[SourceQuality "1"]

1. e4 e5 2. Nf3 Nc6 3. d4 exd4 4. Nxd4 Bc5 5. Nb3 Bb6 6. Nc3 d6 7. Qe2 Nf6 8. Be3 Qe7 9. 0-0-0 Be6 10. f3 0-0-0 11. Kb1 Rhe8 12. Qf2 Bxe3 13. Qxe3 a6 14. Nd4 Nxd4 15. Qxd4 Kb8 16. Be2 Bc8 17. Rhe1 Qe5 18. Qg1 Qa5 19. g4 h6 20. h4 g5 21. hxg5 hxg5 22. Nd5 Re6 23. Nxf6 Rxf6 24. Rd5 Qa4 25. Rxg5 Rh6 26. Rh5 Rxh5 27. gxh5 f5 28. Bd3 Qa5 29. exf5 Bxf5 30. Bxf5 Qxf5 31. Qg4 Rf8 32. h6 Qxf3 33. Qxf3 Rxf3 34. h7 Rf8 35. Rg1 Ka7 36. Kc1 Rh8 37. Rg7 Kb6 38. Kd2 d5 39. Ke3 c5 40. Kf4 d4 41. Kg5 c4 42. Kh6 d3 43. cxd3 1-0

[Event "AUT-ch U14"]
[Site "Eisenstadt"]
[Date "2010.05.25"]
[Round "7.3"]
[White "Gassner, Mathias"]
[Black "Guetz, Wolfgang"]
[Result "0-1"]
[WhiteElo "1600"]
[BlackElo "1553"]
[PlyCount "66"]
[EventDate "2010.05.22"]
[EventType "swiss"]
[EventRounds "7"]
[EventCountry "AUT"]
[SourceTitle "EXT 2024"]
[Source "ChessBase"]
[SourceDate "2023.10.10"]
[SourceVersion "1"]
[SourceVersionDate "2023.10.10"]
[SourceQuality "1"]

1. c4 Nf6 2. Nc3 c5 3. g3 Nc6 4. Bg2 g6 5. e3 Bg7 6. Nge2 0-0 7. 0-0 d6 8. a3 Bf5 9. d4 cxd4 10. Nxd4 Nxd4 11. exd4 Rc8 12. b3 Qd7 13. Re1 Rfe8 14. Bb2 Bh3 15. Bh1 h5 16. Ne2 h4 17. Nf4 hxg3 18. fxg3 Bg4 19. Qd2 Kh7 20. Nd5 Nxd5 21. Bxd5 e6 22. Bg2 e5 23. Qf2 f5 24. dxe5 dxe5 25. Qxa7 e4 26. Bxg7 Kxg7 27. h3 Bf3 28. Bxf3 exf3 29. Qf2 Qd3 30. Qb2+ Kg8 31. Rad1 Re2 32. Rxd3 f2+ 33. Kg2 fxe1Q+ 0-1

[Event "AUT-ch U12"]
[Site "Vienna"]
[Date "2008.05.13"]
[Round "7"]
[White "Sauer, Jakob"]
[Black "Gassner, Mathias"]
[Result "1-0"]
[WhiteElo "1611"]
[BlackElo "1481"]
[PlyCount "81"]
[EventDate "2008.05.10"]
[EventType "swiss"]
[EventRounds "7"]
[EventCountry "AUT"]
[SourceTitle "EXT 2009"]
[Source "ChessBase"]
[SourceDate "2008.11.26"]
[SourceVersion "1"]
[SourceVersionDate "2008.11.26"]
[SourceQuality "1"]

1. e4 e5 2. Nf3 Nc6 3. Bc4 Bc5 4. c3 Qe7 5. 0-0 Bb6 6. d4 d6 7. d5 Nd8 8. h3 h6 9. Nbd2 Nf6 10. Bd3 0-0 11. Re1 Ne8 12. Qc2 Qf6 13. Nf1 Bxh3 14. N1h2 Bd7 15. Be3 Qg6 16. Bxb6 axb6 17. Re3 Qh7 18. Nh4 Nf6 19. Qe2 Bc8 20. c4 Nd7 21. b4 Re8 22. Rg3 Nf8 23. Qh5 g6 24. Qe2 Qg7 25. Ng4 Nh7 26. Ne3 Ng5 27. Nf3 Nxf3+ 28. Qxf3 Rf8 29. a3 Kh7 30. Bc2 Bd7 31. Kf1 c6 32. Bd3 b5 33. cxb5 cxb5 34. Qe2 Qh8 35. Ra2 Rc8 36. Rc2 Rxc2 37. Qxc2 Qf6 38. Qc7 Be8 39. Rf3 Qh4 40. Kg1 Qg5 41. Qxd6 1-0

[Event "AUT-ch U12"]
[Site "Vienna"]
[Date "2008.05.10"]
[Round "1"]
[White "Gassner, Mathias"]
[Black "Nussbaumer, Laslo"]
[Result "0-1"]
[WhiteElo "1481"]
[BlackElo "1248"]
[PlyCount "66"]
[EventDate "2008.05.10"]
[EventType "swiss"]
[EventRounds "7"]
[EventCountry "AUT"]
[SourceTitle "EXT 2009"]
[Source "ChessBase"]
[SourceDate "2008.11.26"]
[SourceVersion "1"]
[SourceVersionDate "2008.11.26"]
[SourceQuality "1"]

1. c4 e5 2. Nc3 Nf6 3. g3 Nc6 4. Bg2 Bb4 5. e3 Bxc3 6. bxc3 d6 7. Rb1 0-0 8. Nf3 Rb8 9. Nh4 Be6 10. Qa4 d5 11. cxd5 Bxd5 12. 0-0 Bxg2 13. Nxg2 Nd7 14. Bb2 Nb6 15. Qg4 Qxd2 16. Rfd1 Qc2 17. f4 Qg6 18. Qf3 Nc4 19. Nh4 Qc2 20. Qf2 Qxf2+ 21. Kxf2 Nxb2 22. Rxb2 exf4 23. exf4 b6 24. Rd7 Rbc8 25. Rbd2 Rfd8 26. Nf5 Kf8 27. Kf3 g6 28. Ne3 Ke8 29. R7d5 Rxd5 30. Rxd5 Rd8 31. Rxd8+ Kxd8 32. Ke4 Kd7 33. Ng4 f5+ 0-1

[Event "AUT-ch U12"]
[Site "St Georgen"]
[Date "2007.??.??"]
[Round "7"]
[White "Halvax, Alexander"]
[Black "Gassner, Mathias"]
[Result "1-0"]
[WhiteElo "1513"]
[BlackElo "1456"]
[PlyCount "60"]
[EventDate "2007.05.??"]
[EventType "swiss"]
[EventRounds "7"]
[EventCountry "AUT"]
[SourceTitle "EXT 2008"]
[Source "ChessBase"]
[SourceDate "2007.11.25"]
[SourceVersion "1"]
[SourceVersionDate "2007.11.25"]
[SourceQuality "1"]

1. e4 e5 2. Nf3 Nc6 3. d4 exd4 4. Nxd4 Bc5 5. Be3 Qf6 6. Nb5 Bxe3 7. fxe3 Kd8 8. N1c3 Nge7 9. Nd4 d6 10. Bb5 Bd7 11. b3 a6 12. Bxc6 Bxc6 13. Qf3 Qg6 14. Nxc6+ Nxc6 15. Rf1 Ne5 16. Qh3 Ng4 17. Qh4+ f6 18. Rf3 c6 19. Rg3 Kc7 20. Qxg4 Qxg4 21. Rxg4 g5 22. 0-0-0 Rad8 23. Rf1 Rhf8 24. Rg3 Rf7 25. Rgf3 Rdf8 26. Ne2 Kd7 27. Nd4 c5 28. Nf5 Ke6 29. Nh6 Rc7 30. Rf5 Rcc8 1-0

[Event "AUT-ch U12"]
[Site "St Georgen"]
[Date "2007.??.??"]
[Round "3"]
[White "Menezes, Christoph"]
[Black "Gassner, Mathias"]
[Result "1-0"]
[WhiteElo "1615"]
[BlackElo "1456"]
[PlyCount "59"]
[EventDate "2007.05.??"]
[EventType "swiss"]
[EventRounds "7"]
[EventCountry "AUT"]
[SourceTitle "EXT 2008"]
[Source "ChessBase"]
[SourceDate "2007.11.25"]
[SourceVersion "1"]
[SourceVersionDate "2007.11.25"]
[SourceQuality "1"]

1. d4 d5 2. c4 dxc4 3. Nf3 Nf6 4. e3 Nbd7 5. Bxc4 e6 6. 0-0 a6 7. Nc3 b5 8. Bd3 c5 9. Ne4 Bb7 10. Ng3 Be7 11. Qe2 Qb6 12. Rd1 Qc6 13. e4 0-0 14. Be3 Rfd8 15. Rac1 Rac8 16. dxc5 Nxc5 17. b4 Qb6 18. bxc5 Bxc5 19. Bxc5 Rxc5 20. Rxc5 Qxc5 21. Bc2 Rc8 22. Rd2 g6 23. Bb3 a5 24. Rc2 Qb6 25. Rxc8+ Bxc8 26. e5 Nd7 27. Ne4 Kg7 28. Nd6 Ba6 29. Qd2 Qc7 30. Ne8+ 1-0

[Event "AUT-ch U10"]
[Site "St Leonhard/Forst"]
[Date "2006.??.??"]
[Round "5"]
[White "Berger, Tobias"]
[Black "Gassner, Mathias"]
[Result "1-0"]
[WhiteElo "1200"]
[BlackElo "1315"]
[PlyCount "57"]
[EventDate "2006.05.??"]
[EventType "swiss"]
[EventRounds "7"]
[EventCountry "AUT"]
[SourceTitle "EXT 2009"]
[Source "ChessBase"]
[SourceDate "2008.11.26"]
[SourceVersion "1"]
[SourceVersionDate "2008.11.26"]
[SourceQuality "1"]

1. d4 f5 2. c4 Nf6 3. Nc3 g6 4. Nf3 Bg7 5. Bf4 a5 6. g3 d6 7. Bg2 0-0 8. 0-0 e6 9. b3 Qe8 10. Re1 Na6 11. Qc2 b6 12. Ng5 Rb8 13. Rad1 Bb7 14. e4 Qd7 15. h3 Nb4 16. Qe2 c5 17. dxc5 bxc5 18. Bxd6 Nbd5 19. Nxd5 Nxd5 20. Bxb8 Nc3 21. Rxd7 Nxe2+ 22. Rxe2 Rxb8 23. exf5 Bxg2 24. Kxg2 Rf8 25. Nxe6 Rf7 26. Rxf7 Kxf7 27. Nxg7 Kxg7 28. fxg6 hxg6 29. Re5 1-0